MARC

LEADER 00000nam0a2200000 4500
001 86088
005 20231101213445.0
035 |a (RuTPU)RU\TPU\book\92470 
090 |a 86088 
100 |a 20051122d1965 k y0rusy50 ca 
101 0 |a rus 
102 |a RU 
105 |a a z 001zy 
200 1 |a Критические параметры гомогенных размножающих систем  |f Г. И. Марчук [и др.] 
210 |a Москва  |c Атомиздат  |d 1965 
215 |a 144 с.  |c граф. 
320 |a Библиогр.: с. 142-143 
610 1 |a ядерные реакторы 
610 1 |a расчеты 
610 1 |a гомогенные реакторы 
610 1 |a нейтроны 
610 1 |a критические параметры 
675 |a 621.039.51  |v 3 
701 1 |a Кочергин  |b В. П. 
701 1 |a Невиница  |b А. И. 
701 1 |a Узнадзе  |b О. П. 
701 1 |a Марчук  |b Г. И.  |c российский математик  |c физик  |c академик РАН  |f 1925-  |g Гурий Иванович  |2 stltpush  |3 (RuTPU)RU\TPU\pers\13341  |9 3996 
801 1 |a RU  |b 63413507  |c 20051122  |g PSBO 
801 2 |a RU  |b 63413507  |c 20140709  |g PSBO 
942 |c BK